000 01207nam a22002657a 4500
003 OSt
005 20210301132850.0
008 210301s1971 ck ||||gr|||| 00| 0 spa d
040 _aCO-JMCR
_cCO-JMCR
082 0 4 _a301.44 /
_bM392t
_223
100 1 _aMarx, Carlos,
_eautor
_914150
245 1 _aTeoría marxista de las clases sociales /
_cCarlos Marx, Federico Engels, V. I. Lenin, Stalin, Mao Tse Tung
260 _aMedellín, Colombia :
_bTiempo critico,
_c1971
300 _a197 páginas ;
_c20 cm.
490 0 _aPensamiento Marxista
500 _aNotas a pie de página.
505 0 _tLas clases en el capitalismo /
_rCarlos Marx
_tBurgueses contra proletariados /
_rCarlos Marx
_rFederico Engel --
_tClases y lucha de clases /
_rV. I. Lenin
_tLas clases y la lucha de clases /
_rNikolai Bujarin --
_tLa conciencia de clases /
_rGeorgy Lukacs --
_tAnálisis de las clases en la sociedad China /
_rMao Tse Tung
650 1 4 _aClases sociales.
_91748
650 2 4 _aEscuela marxista de sociología
_914151
700 1 _aEngels, Federico,
_eautor
_914152
700 1 _aLenin, V. I.,
_eautor
_914153
700 1 _aStalin,
_eautor
_914154
700 1 _aTse Tung, Mao,
_eautor
_914155
942 _2ddc
_cBK
999 _c7386
_d7386